| 000 | 01996nam a2200517 c 4500 | ||
|---|---|---|---|
| 999 |
_c116132 _d116132 |
||
| 003 | BLK | ||
| 005 | 20240731132108.0 | ||
| 008 | 180409b bul|||||r ||||||| ||bul|| | ||
| 010 | _aKNG00121661000 | ||
| 040 | _aBLK | ||
| 041 |
_aBUL _cBUL |
||
| 072 | 7 |
_2bullib _aК _xКраезнание |
|
| 072 | 7 |
_2bullib _aЯ _xАвтографи |
|
| 080 |
_aАктьори, театрални _b792.071.2 _x(497.2)(092) _z792.071.2(497.2)(092) |
||
| 080 |
_aБългарска актриса _b929 Стефанова, Елена Цвяткова _z929 Стефанова, Елена Цвяткова |
||
| 100 |
_aВасев, Василен Иванов _9278777 |
||
| 139 |
_aВасев, Василен Иванов _bС 75 |
||
| 245 | 1 | 0 |
_aЕлена Стефанова _bТеатрален портр. _cВасилен Иванов Васев. |
| 257 | _aBGR | ||
| 260 |
_aСофия _bНаука и изкуство _c1976 |
||
| 300 |
_a84 с. _b8 л. ил. _c20 см |
||
| 380 | _a7 | ||
| 490 |
_aТворци на сцената и екрана _9202263 |
||
| 500 | _a3 121 тир. - Библиогр. с. 82. | ||
| 600 | 1 | 4 |
_aСтефанова, Елена _9314545 |
| 650 | 4 |
_aСтефанова, Елена _9314545 |
|
| 650 | 4 |
_aАктьори, български - биографии _9241623 |
|
| 651 | 4 |
_aБългария _9241624 |
|
| 653 | _aЕлена Стефанова | ||
| 653 | _aбългарски артисти | ||
| 653 | _aтеатрални дейци | ||
| 653 | _aактьори | ||
| 653 | _aбиографии | ||
| 659 | _aК | ||
| 659 | _aЯ | ||
| 852 |
_aЦб 81722 _bЦб |
||
| 852 | _aК 792/С 75 Е | ||
| 856 | 4 |
_qpdf _i0.00 _ldisable |
|
| 856 | 4 |
_qpdf _i0.00 _ldisable |
|
| 942 |
_cKNG _n0 _s1 |
||
| 944 |
_aCR _c08.03.2011 _lКети Илиева _k30550 |
||
| 944 |
_aED _c29.08.2017 _lф / 07.03.2011 _kЛюдмила_Стоянова |
||
| 944 |
_aED _c2022-10-18 _kВП |
||
| 999 | _d116132 | ||
| 999 | _d116132 | ||